书目信息 |
| 题名: |
小茶客妙语:绘画本
|
|
| 作者: | 王跃 著 | |
| 分册: | ||
| 出版信息: | 成都 四川文艺出版社 2000.01 |
|
| 页数: | 221页 | |
| 开本: | 32开 | |
| 丛书名: | ||
| 单 册: | ||
| 中图分类: | I267 | |
| 科图分类: | ||
| 主题词: | 散文--中国 , 散文--作品综合集--中国 | |
| 电子资源: | ||
| ISBN: | 7-5411-1858-3 | |
| 000 | 00580nam0 2200205 45 | |
| 001 | 0008161008 | |
| 005 | 20000816101404.6 | |
| 010 | @a7-5411-1858-3@d14.00元 | |
| 100 | @a20000816d2000 km y0chiy0120 ea | |
| 101 | 0 | @achi |
| 105 | @a z 000yy | |
| 200 | 1 | @a小茶客妙语:绘画本@AXiao Cha Ke Miao Yu:Hui Hua Ben@f王跃 著@FWang Yue Zhu |
| 210 | @a成都@c四川文艺出版社@d2000.01 | |
| 215 | @a221页@d32开 | |
| 606 | 0 | @a散文@x中国 |
| 606 | 0 | @a散文@x作品综合集@x中国 |
| 690 | @aI267@v3 | |
| 701 | 0 | @a王跃@4著 |
| 801 | @aCN@bPftUser@c20000816 | |
| 905 | @b107354-356@dI267@eW.825@f3 | |
| 小茶客妙语:绘画本/王跃 著.-成都:四川文艺出版社,2000.01 |
| 221页;32开 |
| ISBN 7-5411-1858-3:14.00元 |
| ● |
| 相关链接 |
|
|
|
正题名:小茶客妙语:绘画本
索取号:I267/W.825
 
预约/预借
| 序号 | 登录号 | 条形码 | 馆藏地/架位号 | 状态 | 备注 |
| 1 | 107354 | 201073541 | 社科二线422/422社科库 27排1列4层/ [索取号:I267/W.825] | 在馆 | |
| 2 | 107355 | 201073550 | 社科二线400B/400B社科库 26排1列5层/ [索取号:I267/W.825] | 在馆 | |
| 3 | 107356 | 201073569 | 文学库116/ [索取号:I267/W.825] | 在馆 |